000 00317nam a22001457a 4500
008 211020b ||||| |||| 00| 0 eng d
020 _a9780131569911
041 _aeng
080 _a311
082 _a311
100 _a54
101 _aSTA
245 _aFundamentals of Statistics
_cSullivan,M
942 _2udc
_cBK
999 _c58302
_d58302